Central Library OPAC University of Rajshahi

The world cities / (Record no. 16780)

MARC details
000 -LEADER
fixed length control field 00714nam a22002411 4500
001 - CONTROL NUMBER
control field 16780
003 - CONTROL NUMBER IDENTIFIER
rucl marc code BD-RjUL
005 - DATE AND TIME OF LATEST TRANSACTION
control field 20211209000041.0
008 - FIXED-LENGTH DATA ELEMENTS--GENERAL INFORMATION
fixed length control field 140215s19671966nyuab b 001 0 eng
035 ## - SYSTEM CONTROL NUMBER
System control number (BD-RjUL)16835
040 ## - CATALOGING SOURCE
Original cataloging agency DLC
Transcribing agency DLC
Modifying agency DLC
-- BD-RjUL
Language of cataloging eng
041 ## - LANGUAGE CODE
Language code of text/sound track or separate title eng
082 00 - DEWEY DECIMAL CLASSIFICATION NUMBER
Classification number 301.364
Author mark and year HAW 1967
100 1# - MAIN ENTRY--PERSONAL NAME
Personal name Hall, Peter,
Dates associated with a name 1932 March 19-
9 (RLIN) 50761
245 14 - TITLE STATEMENT
Title The world cities /
Statement of responsibility, etc. Peter Hall.
260 ## - PUBLICATION, DISTRIBUTION, ETC. (IMPRINT)
Place of publication, distribution, etc. New York :
Name of publisher, distributor, etc. McGraw-Hill,
Date of publication, distribution, etc. c1966 [Reprinted 1967].
300 ## - PHYSICAL DESCRIPTION
Pagination 256 p. :
Illustrations ill., maps (part col.) ;
Size 19 cm.
490 0# - SERIES STATEMENT
Series statement World university library
504 ## - BIBLIOGRAPHY, ETC. NOTE
Bibliography, etc Bibliography: p. 246-254. and index.
650 #0 - SUBJECT ADDED ENTRY--TOPICAL TERM
Topical term or geographic name as entry element Metropolitan areas.
9 (RLIN) 2326
942 ## - ADDED ENTRY ELEMENTS (KOHA)
Source of classification or shelving scheme Dewey Decimal Classification
Koha item type Books
Holdings
Lost status Source of classification or shelving scheme Damaged status Not for loan Collection code Permanent Location Current Location Shelving location Date acquired Source of acquisition Cost, normal purchase price Total Checkouts Full call number Date last seen Copy number Koha item type
  Dewey Decimal Classification   Not For Loan Non-fiction Central Library, University of Rajshahi Central Library, University of Rajshahi Reading Room 28/08/1968 Zitlinger 14.00   301.364 HAW 1967 15/02/2014 C-1 Books
  Dewey Decimal Classification     Non-fiction Central Library, University of Rajshahi Central Library, University of Rajshahi   30/04/1973 Idial lab. Dhaka 2.45   307.76 HAW 1967 21/01/2020 C-2 Books
  Dewey Decimal Classification     Non-fiction Central Library, University of Rajshahi Central Library, University of Rajshahi   30/04/1973 Idial lab. Dhaka 2.45   307.76 HAW 1967 21/01/2020 C-3 Books
  Dewey Decimal Classification     Non-fiction Central Library, University of Rajshahi Central Library, University of Rajshahi   30/04/1973 Idial lab. Dhaka 2.45   307.76 HAW 1967 21/01/2020 C-4 Books